| 000 | 00564nam a22002057a 4500 | ||
|---|---|---|---|
| 003 | KOHA_MİRAKIL | ||
| 005 | 20260331114328.0 | ||
| 008 | 260331b tu ||||| |||| 00| 0 tur d | ||
| 020 | _a9789756342787 | ||
| 040 |
_aTR-AnABB _btur _cTR-AnABB |
||
| 041 | _atur | ||
| 082 |
_a813.42 _bKOK 2018 |
||
| 100 | 1 | _aKöksal, Aydın | |
| 245 | 1 | 0 |
_aYaşamın gizi / _cAydın Köksal |
| 260 |
_aİstanbul : _bToroslu Kitaplığı, _c2018 |
||
| 300 |
_a184 sayfa ; _c21 cm |
||
| 500 | _aYazar imzalı | ||
| 650 | 0 | 4 | _aTürk edebiyatı, roman |
| 942 |
_2ddc _cBK |
||
| 999 |
_c10118 _d10118 |
||
| 900 | _bCan ÇELIK | ||